[Event "WALTON BAN-chT 2019"]
[Site "Bangladesh"]
[Date "2019.12.15"]
[Round "3.5"]
[White "Kovalev, Vladislav"]
[Black "Subedi, Rajan"]
[Result "1-0"]
[WhiteElo "2662"]
[BlackElo "1949"]
[Annotator "TA"]
[PlyCount "65"]
[EventDate "2019.12.07"]
[EventType "team-tourn"]
[EventCountry "BAN"]
[SourceTitle "playchess.com"]
[Source "ChessBase"]
[SourceQuality "1"]

{[%evp 20,65,31,35,160,190,184,157,164,187,167,163,429,440,503,497,576,583,718,656,647,462,461,457,461,461,506,499,538,532,542,539,581,574,593,593,587,587,586,586,581,585,575,585,570,562,603,603]} 1. e4 e5 2. Nf3 Nc6 3. Bb5 a6 4. Ba4 Nf6 5. O-O Nxe4 6. d4 b5 7. Bb3 d5 8. dxe5 Be6 9. Qe2 Bc5 10. Nbd2 Nxd2 11. Qxd2 {And now Qc3 would win.} O-O {[#] C81: Open Ruy Lopez: Keres Variation (9 Qe2)} (11... Bb6 $14) 12. Qc3 $1 $16 {[%cal Rc3c5]} Qe7 {[#]} 13. Bg5 $1 {[%cal Rg5e7]} f6 {White is clearly better.} 14. exf6 gxf6 15. Be3 Bxe3 $2 (15... d4 {is a better defense.} 16. Nxd4 Nxd4 17. Bxd4 Bxd4 18. Qxd4 Bxb3) (15... d4 16. Bxd4 Nxd4 17. Nxd4 Bxd4 {½-½ (17) Dzhumaev,M (2498)-Iuldachev,S (2559) Chennai 2004}) 16. Qxc6 $18 {White is clearly winning.} (16. fxe3 Qd6 $16) ({Not} 16. Qxe3 Qd6 $14) 16... Bb6 $146 ({Predecessor:} 16... Bf4 17. Rfe1 {1-0 (17) Sowden,E-Gibbs,P England 2001}) 17. Rae1 Rae8 {[#]} 18. Rxe6 $1 {[%mdl 512]} Qd8 (18... Qxe6 19. Bxd5) 19. Rxe8 Rxe8 20. Qxd5+ Qxd5 21. Bxd5+ Kg7 22. Re1 Rd8 23. Bb7 a5 24. Bc6 b4 25. b3 h5 26. g3 Rd6 27. Bb5 Rd5 28. Re7+ Kf8 29. Re8+ Kf7 30. Bc4 Kxe8 31. Bxd5 Ke7 32. Kf1 Kd6 33. Bf7 {Accuracy: White = 84%, Black =  7%.} 1-0

[Event "WALTON BAN-chT 2019"]
[Site "Bangladesh"]
[Date "2019.12.15"]
[Round "3.6"]
[White "Uten"]
[Black "Mollah Abdullah, Al Rakib"]
[Result "0-1"]
[WhiteElo "2086"]
[BlackElo "2461"]
[Annotator "TA"]
[PlyCount "76"]
[EventDate "2019.12.07"]
[EventType "team-tourn"]
[EventCountry "BAN"]
[SourceTitle "playchess.com"]
[Source "ChessBase"]
[SourceQuality "1"]

{[%evp 9,76,26,45,30,30,22,33,35,22,30,23,19,10,4,0,-4,29,9,16,-22,-10,-35,-22,-25,0,-8,33,-102,-93,-93,-95,-96,-118,-131,-122,-289,-275,-296,-296,-285,-284,-417,-412,-495,-455,-727,-708,-775,-765,-1465,-1790,-1731,-1782,-1660,-1479,-1431,-1395,-1187,-1149,-2411,-2381,-2199,-1781,-5373,-5022,-6199,-5293,-29984,-29985]} 1. e4 e5 2. Nf3 Nc6 3. Bb5 a6 4. Ba4 b5 5. Bb3 g6 6. c3 {C70: Ruy Lopez: 3...a6 4 Ba4, Norwegian and Delayed Schliemann} Bg7 7. d4 exd4 8. cxd4 {White is slightly better.} Nge7 9. O-O O-O 10. Nc3 Na5 $146 ({Predecessor:} 10... d6 11. h3 Bb7 12. Re1 Na5 {0-1 (48) Dgebuadze,A (2524)-Fressinet,L (2718) Germany 2011}) 11. Bc2 d6 12. h3 Bb7 13. Re1 c5 14. Bg5 {aiming for dxc5.} h6 15. Bh4 {Threatening dxc5.} Re8 16. Nd5 Bxd5 (16... g5 {keeps more tension.} 17. Nxe7+ Rxe7 18. Bg3 Nc4 19. Rb1 Qd7) 17. exd5 Qd7 18. b4 (18. a4 $14 {keeps the upper hand.}) 18... cxb4 $17 19. Rxe7 Rxe7 20. Bxe7 Qxe7 21. Qd2 Rc8 22. Bb3 $2 {[#]} (22. h4 $17) 22... Rc3 $19 23. Re1 Nxb3 24. axb3 Qb7 25. Re8+ (25. Qa2 $142) 25... Kh7 26. Qf4 Qxd5 27. h4 (27. Re7 $142 g5 28. Qg4) 27... Rxb3 28. Re7 Qf5 29. Qxd6 Bf8 30. Nd2 Bxe7 31. Qxe7 {[%mdl 4096] Endgame KQR-KQN} Rc3 32. Ne4 Rc6 33. d5 Qxd5 34. Nf6+ {[#]} Rxf6 $1 35. Qxf6 b3 36. g4 a5 {[%cal Ba6a5,Ba5a4][%mdl 32]} 37. Kh2 a4 38. g5 Qf5 {Accuracy: White = 18%, Black = 91%.} 0-1

[Event "WALTON BAN-chT 2019"]
[Site "Bangladesh"]
[Date "2019.12.15"]
[Round "3.7"]
[White "Rahman, Ziaur"]
[Black "Kusatha, Niken"]
[Result "1-0"]
[WhiteElo "2440"]
[BlackElo "1949"]
[Annotator "TA"]
[PlyCount "88"]
[EventDate "2019.12.07"]
[EventType "team-tourn"]
[EventCountry "BAN"]
[SourceTitle "playchess.com"]
[Source "ChessBase"]
[SourceQuality "1"]

{[%evp 20,88,-16,-14,2,3,45,-22,0,0,47,35,40,31,58,64,95,103,96,92,78,48,71,68,91,17,110,87,127,74,183,182,281,277,279,276,297,292,316,324,313,307,372,373,483,460,455,470,466,456,459,459,433,325,546,508,781,781,781,781,781,781,781,785,858,846,880,880,879,867,815]} 1. Nf3 Nf6 2. c4 e6 3. g3 d5 4. Bg2 Be7 5. O-O O-O 6. b3 c5 7. Bb2 Nc6 8. e3 d4 9. exd4 cxd4 10. Re1 Re8 11. d3 Bb4 {A14: English Opening: 1...e6 with b3 by White} (11... Bc5 12. Ne5 Nxe5 13. Rxe5 Qd6 14. Qe1 a5 15. Nd2 Ra7 16. a3 b6 17. h3 Bb7 18. Nf3 Ba8 19. Bc1 {½-½ (38) Almasi,Z (2682)-Navara,D (2733) Germany 2018}) 12. Nbd2 e5 13. Qc2 (13. a3 $14 Bc3 14. Qc2) 13... h6 $146 {The position is equal.} ({Predecessor:} 13... a5 14. a3 Bf8 15. h3 h6 16. Rad1 Bf5 17. Ne4 Nxe4 18. dxe4 Be6 19. Kh2 {1-0 (50) Brendel,O (2329)-Wolf,A (1993) Wiesbaden 2017}) 14. a3 Bxd2 (14... Bd6 {seems wilder.} 15. b4 Bf5 16. c5 Bc7 17. Nc4 a6) 15. Nxd2 Bf5 16. b4 a6 17. c5 Nd5 18. Nc4 Re7 19. Nd6 Be6 20. Re2 Qd7 21. Rae1 f6 {[#]} 22. Qc1 (22. f4 $1 $16) 22... Nc7 (22... g5 $11) 23. f4 $36 {[%mdl 2048] White is on the roll.} Bg4 24. Rf2 ({Don't take} 24. Nxb7 $6 Bxe2 25. Rxe2 Rae8 $14) (24. Re4 $142) 24... Ne8 (24... Nb5 $16) 25. Nc4 $18 {Strongly threatening Nb6.} Qc7 (25... Rd8 $142 26. Bxc6 bxc6 27. fxe5 Bf5) 26. Nb6 Rd8 27. Nd5 Rxd5 28. Bxd5+ Kh8 29. Bxc6 bxc6 30. fxe5 fxe5 {[#]} 31. Bxd4 $1 {[%mdl 512]} exd4 32. Rf8+ {[%mdl 64] Double Attack} Kh7 33. Rxe8 Rxe8 34. Rxe8 {[%mdl 4096] Endgame KQR-KQB} Qf7 35. Qe1 Bf5 36. Re4 Qd5 $2 (36... Bxe4 37. Qxe4+ {[%mdl 64] Double Attack} Qg6 38. Qxd4 Qh5 39. Qe4+ Kg8 40. Qxc6 Qd1+ 41. Kf2 Qd2+ 42. Kf3 Qxd3+ 43. Kg4 Qe2+ 44. Kf5 Qxh2 45. Qd5+ Kf8) 37. Re5 {White is clearly winning.} Qf3 (37... Qd7 $142 38. Qe2 Bg6) 38. Qf1 Qxf1+ 39. Kxf1 Bxd3+ {KR-KB} 40. Ke1 Bb5 41. Re6 Kg8 42. Rd6 d3 43. Kd2 h5 44. Kc3 Kf7 {Accuracy: White = 71%, Black = 29%.} 1-0

[Event "WALTON BAN-chT 2019"]
[Site "Bangladesh"]
[Date "2019.12.15"]
[Round "3.8"]
[White "Mezanur, Rahman"]
[Black "Hossain, Enamul"]
[Result "0-1"]
[WhiteElo "1809"]
[BlackElo "2419"]
[Annotator "TA"]
[PlyCount "32"]
[EventDate "2019.12.07"]
[EventType "team-tourn"]
[EventCountry "BAN"]
[SourceTitle "playchess.com"]
[Source "ChessBase"]
[SourceQuality "1"]

{[%evp 21,32,13,16,-3,0,-3,2,0,9,-493,-485,-475,-482]} 1. e4 c5 2. Nf3 e6 3. d4 cxd4 4. Nxd4 a6 5. Nc3 Qc7 6. Be3 Nf6 7. Bd3 b5 8. O-O Bb7 9. a3 Nc6 10. Nxc6 Qxc6 11. Qe2 Rc8 12. Rfe1 $146 {B48: Sicilian: Taimanov: 5 Nc3 Qc7 6 Be3 a6 without Be2} ({Predecessor:} 12. Bd4 h5 13. Bxf6 gxf6 14. Nd5 Kd8 15. Ne3 h4 16. c3 h3 17. g3 f5 18. f3 fxe4 19. Bxe4 d5 {1-0 (34) Stripunsky,A (2553)-Fedorowicz,J (2479) ICC INT 2008}) 12... Be7 13. f4 O-O 14. e5 Nd5 15. Be4 $2 {[%mdl 8192]} (15. Nxd5 $11 {and White stays safe.} Qxd5 16. c3) 15... Nxc3 $19 {[%mdl 64] [#] Discovered Attack} 16. Bxc6 Nxe2+ 0-1

[Event "WALTON BAN-chT 2019"]
[Site "Bangladesh"]
[Date "2019.12.15"]
[Round "3.9"]
[White "Rahman, Taibur"]
[Black "Mohammad Minhaz Uddin"]
[Result "1/2-1/2"]
[WhiteElo "2241"]
[BlackElo "2324"]
[Annotator "TA"]
[PlyCount "61"]
[EventDate "2019.12.07"]
[EventType "team-tourn"]
[EventCountry "BAN"]
[SourceTitle "playchess.com"]
[Source "ChessBase"]
[SourceQuality "1"]

{[%evp 18,61,17,0,34,37,42,25,50,25,28,27,78,-399,-399,-459,-297,-475,-401,-397,-367,-402,-398,-420,-323,-409,-402,-515,-398,-458,-467,-470,-479,-511,-513,-2199,-468,-485,0,-2016,0,-454,0,-559,-563,-588]} 1. d4 (1. c4 c6 2. e4 d5 3. exd5 cxd5 4. d4 Nf6 5. Nc3 e6 6. Nf3 Bb4 7. Bd3 dxc4 8. Bxc4 O-O {½-½ (10) Shirov,A (2749)-Harikrishna,P (2646) Sestao 2010}) 1... Nf6 2. c4 e6 3. Nc3 Bb4 4. e3 O-O 5. Nf3 d5 6. Bd3 c5 7. O-O cxd4 8. exd4 dxc4 9. Bxc4 Nbd7 10. Bg5 Nb6 {E54: Nimzo-Indian: Rubinstein: Main Line: 7...dxc4 8 Bxc4} 11. Bb3 Bd7 12. Ne5 Bc6 {White has an edge.} 13. Qe2 h6 14. Bh4 Nbd7 $146 (14... Be7 $11 {keeps the balance.}) ({Predecessor:} 14... Qxd4 15. Bxf6 gxf6 16. Nxc6 bxc6 17. Rad1 Qh4 18. g3 Qh3 {1-0 (48) Nowak,I (2048)-Gyimesi,J (1940) LSS email 2013}) 15. Nd5 $2 {[%mdl 8192] [#]} (15. f4 $16) 15... Bxd5 $19 16. Qb5 Be7 17. Bxf6 (17. Bxd5 $142 exd5 18. Qxb7) 17... gxf6 18. Bxd5 fxe5 19. Bf3 exd4 20. Qh5 Kg7 21. Rad1 Bf6 22. Rd3 Rh8 23. Bxb7 Rb8 24. Rg3+ Kf8 25. Be4 Rxb2 26. Qc5+ (26. Rb3 $142 Rxb3 27. axb3) 26... Qe7 (26... Nxc5 $142 27. Bc6 Rxa2) 27. Qc8+ Qd8 28. Qc5+ $1 Qe7 (28... Nxc5 $142 29. Bc6 Rxa2) 29. Qc8+ $1 {[#]} Qd8 $2 ({Black should play} 29... Qe8 $1 $19 {[%cal Re8c8]} 30. Qa6 Be7 31. Qxa7 Nc5) 30. Qa6 $2 {[%mdl 8192]} (30. Qc5+ $1 $11 {and White is okay.} Nxc5 31. Bf3) 30... Qb6 31. Qc8+ {[%mdl 32768] Accuracy: White = 17%, Black = 50%. . An unexpected result.} 1/2-1/2

[Event "WALTON BAN-chT 2019"]
[Site "Bangladesh"]
[Date "2019.12.15"]
[Round "3.10"]
[White "Ahmed, Sheikh Nasir"]
[Black "Chatterjee, Debaraj"]
[Result "1-0"]
[WhiteElo "2187"]
[BlackElo "2216"]
[Annotator "NA RC"]
[PlyCount "31"]
[EventDate "2019.12.07"]
[EventType "team-tourn"]
[EventCountry "BAN"]
[SourceTitle "playchess.com"]
[Source "ChessBase"]
[SourceQuality "1"]
[TimeControl "5400+30"]

1. e4 {[%emt 0:00:00]} c5 {[%emt 0:00:00]} 2. Nf3 {[%emt 0:00:22]} d6 {[%emt 0:00:30]} 3. d4 {[%emt 0:00:30]} cxd4 {[%emt 0:00:30]} 4. Nxd4 {[%emt 0:00:30]} Nf6 {[%emt 0:00:30]} 5. Nc3 {[%emt 0:00:30]} a6 {[%emt 0:00:30]} 6. h3 {[%emt 0:00:30]} e6 {[%emt 0:00:30]} 7. g4 {[%emt 0:00:30]} Be7 {[%emt 0:00:30]} 8. g5 {[%emt 0:00:30]} Nfd7 {[%emt 0:00:30]} 9. h4 {[%emt 0:00:30]} Nc6 {[%emt 0:00:30]} 10. Be3 {[%emt 0:00:30]} O-O {[%emt 0:00:30]} 11. Qd2 {[%emt 0:00:30]} Nde5 {[%emt 0:00:30]} 12. O-O-O {[%emt 0:00:30]} Nxd4 {[%emt 0:00:30]} 13. Qxd4 {[%emt 0:00:30]} Ng4 {[%emt 0:00:30]} 14. Rg1 {[%emt 0:00:30]} Nxe3 {[%emt 0:00:30]} 15. Qxe3 {[%emt 0:00:30]} Qa5 {[%emt 0:00:30]} 16. Kb1 {[%emt 0:00:30]} 1-0

[Event "WALTON BAN-chT 2019"]
[Site "Bangladesh"]
[Date "2019.12.15"]
[Round "3.11"]
[White "Masum, Hossain"]
[Black "Abu Sufian, Shakil"]
[Result "1/2-1/2"]
[WhiteElo "2088"]
[BlackElo "2256"]
[Annotator "TA"]
[PlyCount "68"]
[EventDate "2019.12.07"]
[EventType "team-tourn"]
[EventCountry "BAN"]
[SourceTitle "playchess.com"]
[Source "ChessBase"]
[SourceQuality "1"]

{[%evp 26,68,0,24,79,0,0,0,0,0,0,0,0,-38,-38,-34,-25,-28,-23,-33,-19,-43,-34,-56,-3,-50,0,-77,-87,-111,-119,-115,-101,-152,-110,-124,-103,-110,-108,-137,-136,-125,-107,-191,-121]} 1. d4 d5 2. c4 c6 3. Nc3 Nf6 4. Nf3 dxc4 5. a4 Bf5 6. Ne5 e6 7. f3 Bb4 8. e4 Bxe4 9. fxe4 Nxe4 10. Bd2 Qxd4 11. Nxe4 Qxe4+ 12. Qe2 Bxd2+ 13. Kxd2 Qd5+ 14. Kc2 O-O {[#] D17: Slav Defence: 5 a4 Bf5: Lines with 6 Nh4 and 6 Ne5} (14... Na6 $11 {remains equal.}) (14... Na6 15. Rd1 Qa5 16. Nxc4 Qxa4+ 17. b3 Qa2+ 18. Kc3 Qxe2 19. Bxe2 Nc7 20. Nd6+ Ke7 21. Nxb7 Nd5+ 22. Kb2 {½-½ (44) Yuffa,D (2572)-Pert,N (2546) London 2018}) 15. Rd1 ({Much worse is} 15. Nxc4 Na6 $11) ({White should try} 15. Qe3 $1 $16 f6 16. Nxc4) 15... Qa5 $11 16. Nxc4 Qxa4+ {The position is equal.} 17. b3 Qb4 18. Qd2 $146 ({Predecessor:} 18. Qe4 Na6 19. Bd3 g6 20. Ne5 Rfd8 21. Bc4 Qa3 22. Ra1 {0-1 (51) Martucci,M (1026)-Vespe,F (2005) SEMI email 1999}) 18... Na6 19. Qxb4 Nxb4+ 20. Kc3 Nd5+ 21. Kb2 Rfd8 22. Be2 f6 23. Bd3 Kf7 24. Rhe1 e5 (24... Rd7 $15) 25. g3 Ke7 (25... Ke6 {is more complex.} 26. Ra1 Nb4 27. Be4 g6 28. Kc3 Nd5+) 26. Ne3 (26. g4 $11) 26... g6 $17 27. Nxd5+ cxd5 28. Bf1 Ke6 29. Re2 (29. Bh3+ $142 f5 30. g4) 29... Rd7 30. Rc2 f5 31. Rc5 Rad8 32. Ra1 a6 33. b4 d4 34. Kc2 (34. Bc4+ $17 {keeps fighting.} Kf6 35. Kc2) 34... e4 {Accuracy: White = 33%, Black = 47%.} (34... d3+ $19 35. Kd2 e4) 1/2-1/2

[Event "WALTON BAN-chT 2019"]
[Site "Bangladesh"]
[Date "2019.12.15"]
[Round "3.12"]
[White "Subrota, Biswas"]
[Black "Jabed Al Azad"]
[Result "1-0"]
[WhiteElo "2134"]
[BlackElo "2036"]
[Annotator "TA"]
[PlyCount "27"]
[EventDate "2019.12.07"]
[EventType "team-tourn"]
[EventCountry "BAN"]
[SourceTitle "playchess.com"]
[Source "ChessBase"]
[SourceQuality "1"]

{[%evp 16,27,7,16,75,64,89,79,82,83,85,49,260,277]} 1. d4 d5 2. Nf3 Nf6 3. c4 dxc4 4. Nc3 e6 5. e3 a6 6. Bxc4 c5 7. Bb3 Nc6 8. O-O b5 9. Qe2 cxd4 {D28: Queen's Gambit Accepted: Classical main line: 7 Qe2 with early ...Nc6} (9... Be7 $11) (9... Bb7 10. d5 Nxd5 11. Rd1 Be7 12. Bxd5 exd5 13. Nxd5 O-O 14. a4 Na5 15. Nxe7+ Qxe7 16. axb5 axb5 17. Qxb5 {½-½ (40) Matlakov,M (2699)-Popov,I (2608) Yaroslavl 2018}) 10. Rd1 $16 {[%cal Re3d4]} d3 11. Rxd3 Qc7 12. e4 {Strongly threatening Nd5!} Be7 13. Bg5 Nd7 $146 {[#]} (13... O-O $14) ({Predecessor:} 13... Bb7 14. e5 Nd7 15. Bxe7 Nxe7 16. Ne4 Bxe4 17. Qxe4 O-O 18. Rc3 Qb8 19. Rd1 {1-0 (43) Mishra,N (2390)-Nasir Ali,S (2255) Chennai 1996}) 14. Nd5 $1 {[%mdl 512]} 1-0

[Event "WALTON BAN-chT 2019"]
[Site "Bangladesh"]
[Date "2019.12.15"]
[Round "4.1"]
[White "Jobava, Baadur"]
[Black "Chowdhury, Sohel"]
[Result "1-0"]
[WhiteElo "2604"]
[BlackElo "2088"]
[Annotator "TA"]
[PlyCount "73"]
[EventDate "2019.12.07"]
[EventType "team-tourn"]
[EventCountry "BAN"]
[SourceTitle "playchess.com"]
[Source "ChessBase"]
[SourceQuality "1"]

{[%evp 15,73,49,44,37,36,10,17,8,37,25,42,29,66,47,62,43,235,227,229,233,304,332,379,335,446,436,391,326,693,703,702,609,603,585,770,752,762,778,1458,1433,1416,1385,1799,1779,1624,1585,1625,1507,2527,2528,2419,2350,2152,1992,29973,29972,4810,4610,4610,4602]} 1. e4 c6 2. c4 d5 3. cxd5 cxd5 4. exd5 Qxd5 5. Nc3 Qa5 6. d4 Nf6 7. Nf3 e6 8. Bd3 Be7 9. O-O {B10: Caro-Kann: 2 d3 and 2 c4} O-O 10. Qe2 Nc6 11. a3 {The position is equal.} a6 12. Rd1 Re8 $146 ({Predecessor:} 12... Rd8 13. Bf4 Bd6 14. Be5 Bf8 15. b4 Qb6 16. Na4 Qa7 17. Bc7 Rd7 18. Bb6 Qb8 19. Bc5 Bxc5 20. dxc5 Re7 {1-0 (31) Gashimov,V (2407)-Grkovic,V (2187) Chalkidiki 2000}) 13. h3 Qc7 14. Be3 $36 {[%mdl 2048] White has good play.} Nd5 15. Rac1 Nf4 $2 {[#]} (15... Bd7 $14) 16. Bxf4 $1 $18 Qxf4 17. d5 {g3 is the strong threat.} Na5 18. b4 {[%cal Bb2b4,Bb4a5][%mdl 32]} Bd7 19. Qa2 e5 20. bxa5 Bxh3 21. Qc4 ({Resist} 21. gxh3 Qxf3 22. Be4 Qxh3 $18) 21... Qh6 $2 (21... Qg4 22. Qxg4 Bxg4) 22. gxh3 Bxa3 23. Rc2 Qxh3 24. Qe4 g6 25. Bf1 Qh5 26. d6 f5 27. Qd5+ Kg7 28. d7 Re7 29. d8=Q Rxd8 30. Qxd8 Qxf3 31. Bg2 Qg4 32. Rd7 Rxd7 33. Qxd7+ {[%mdl 64] Double Attack} Kh6 {[#]} 34. Ne4 $1 Qh4 (34... fxe4 35. Qxg4) 35. Rc7 {[%csl Gc7][%cal Rd7h7]} fxe4 36. Qxh7+ Kg5 37. Qxh4+ {Accuracy: White = 88%, Black = 12%.} 1-0

[Event "WALTON BAN-chT 2019"]
[Site "Bangladesh"]
[Date "2019.12.15"]
[Round "4.2"]
[White "Akshat, Khamparia"]
[Black "Murshed, Niaz"]
[Result "1-0"]
[WhiteElo "2399"]
[BlackElo "2413"]
[Annotator "TA"]
[PlyCount "97"]
[EventDate "2019.12.07"]
[EventType "team-tourn"]
[EventCountry "BAN"]
[SourceTitle "playchess.com"]
[Source "ChessBase"]
[SourceQuality "1"]

{[%evp 13,96,16,15,0,2,-39,-25,-26,-26,-38,-19,-22,-29,-39,-36,-44,-36,-33,-34,-52,-52,-76,-41,-37,-45,-45,-37,-46,-43,-193,-200,-222,-207,-209,-168,-242,-222,-223,-223,-243,-82,-95,0,-180,-131,-143,-103,-83,-87,-76,-86,-162,-164,-213,-215,-306,-227,-328,-239,-230,-122,-122,-125,-129,-119,-117,-106,-147,-139,-180,-129,-177,0,0,0,0,0,0,75,75,77,77,83,0,29999]} 1. d4 d5 2. c4 e6 3. Nc3 Be7 4. Nf3 Nf6 5. Bf4 O-O 6. e3 b6 7. cxd5 Nxd5 8. Bg3 {D37: Queen's Gambit Declined: 5 Bf4} (8. Nxd5 Qxd5 9. a3 Ba6 10. Bxa6 Nxa6 11. b4 Bd6 12. Bg3 Nb8 13. Qd3 b5 14. e4 Qb7 15. d5 exd5 {½-½ (44) Caruana,F (2818)-Anand,V (2756) Saint Louis 2019}) 8... c5 9. Bd3 cxd4 10. Nxd4 {Black has an edge.} Nxc3 11. bxc3 {Threatens to win with Be4.} Bb7 12. Qc2 h6 13. Rd1 Qd5 $146 ({Predecessor:} 13... Qc8) 14. f3 Qc5 15. Kf2 Nc6 16. Nb3 Qa3 $1 17. Bh7+ Kh8 18. Rd7 Ba6 19. Be4 Bb5 20. Rhd1 Rac8 {Hoping for ...Nb4!} 21. Qd2 (21. Qb1 $15) 21... Na5 $19 22. Rd4 Nc4 $1 {[%cal Rc4d2]} ({Worse is} 22... Nxb3 23. axb3 Bc5 24. c4 $11) 23. Qc2 Qa6 24. Rc1 (24. Bd3 {might work better.}) 24... Bg5 25. f4 Bf6 $1 26. Rdd1 Na3 $2 (26... Qa3 $1 $19 27. Bd3 Ba4) 27. Qb2 $17 Nc4 (27... Rfd8 $17 28. Rxd8+ Rxd8) 28. Qb1 $2 (28. Qc2 $1 $11 {and White has nothing to worry.}) 28... Bc6 {...Bxe4 is the strong threat.} 29. Bd3 b5 30. Nd4 Bxd4 31. cxd4 f5 32. Bh4 {[#]} (32. Rc3 $17) 32... Rf7 $1 $19 33. g4 fxg4 34. Bg6 (34. Bg3 {was called for.}) 34... Rd7 35. Rc3 (35. Kg1 $142) 35... Bf3 {aiming for ...Rdc7.} 36. Rdc1 Qc6 {[#]} (36... Bb7 $19 {White must now prevent ...Qc6.} 37. Bd3 Qc6) 37. a4 $1 {[%mdl 512]} a6 (37... bxa4 38. Rxc4) 38. Bd3 Qd5 39. Kg1 Rdc7 40. Bf2 Qd7 ({But not} 40... bxa4 $2 41. Rxc4 Qd8 42. Qb4 $18) 41. f5 {[#]} e5 $1 {Strongly threatening ...exd4.} 42. f6 Nd2 $2 (42... gxf6 43. Bf5 $14) (42... exd4 $19 43. fxg7+ Kxg7) 43. Rxc7 $11 Rxc7 44. Rxc7 Qxc7 45. Qb2 Nc4 (45... e4 $11) 46. Qb4 $16 {[%cal Rb4f8]} Kg8 47. axb5 axb5 48. Qxb5 (48. fxg7 $16 Kxg7 49. Qxb5) 48... Nd2 $2 {[%mdl 8192] Accuracy: White = 46%, Black = 54%.} (48... Nd6 $11 49. Qc5 (49. Qxe5 Qc1+ 50. Bf1 Be2 $17) 49... Qxc5 50. dxc5 Ne4) 49. Qe8# 1-0

[Event "WALTON BAN-chT 2019"]
[Site "Bangladesh"]
[Date "2019.12.15"]
[Round "4.3"]
[White "Mchedlishvili, Mikheil"]
[Black "Rakesh Kumar Jena"]
[Result "1-0"]
[WhiteElo "2567"]
[BlackElo "2335"]
[Annotator "TA"]
[PlyCount "83"]
[EventDate "2019.12.07"]
[EventType "team-tourn"]
[EventCountry "BAN"]
[SourceTitle "playchess.com"]
[Source "ChessBase"]
[SourceQuality "1"]

{[%evp 9,83,14,23,21,29,16,43,37,41,28,32,30,36,32,35,31,25,28,33,28,29,33,50,56,61,52,63,69,109,150,146,137,158,155,188,188,181,188,212,208,220,223,302,195,205,200,196,197,183,195,194,188,184,189,208,198,219,204,230,228,277,267,272,226,419,414,641,642,634,624,579,464,641,604,598,571]} 1. d4 d5 2. c4 e6 3. Nc3 Bb4 4. cxd5 exd5 5. Bf4 Ne7 (5... Nf6 6. e3 c5 7. Bd3 Nc6 8. Nge2 c4 9. Bc2 O-O 10. Bg5 h6 11. Bh4 Be7 12. O-O Nd7 13. Bg3 Nf6 {1-0 (38) Nakamura,H (2754)-Dubov,D (2700) Paris 2019}) 6. e3 {D31: Queen's Gambit Declined: Semi-Slav without ...Nf6 (+ Marshall Gambit and Noteboom) and Exchange Variation lines without ...Nf6} O-O 7. Bd3 Ng6 8. Bg3 {White is slightly better.} c6 $146 ({Predecessor:} 8... Bxc3+ 9. bxc3 Nd7 10. Ne2 Nf6 11. Nf4 Nxf4 12. Bxf4 Re8 13. O-O {½-½ (48) Verdier,P (2400)-Laurent,C (2255) corr 1998}) 9. Qc2 Re8 10. Nge2 Nd7 11. a3 Bxc3+ 12. Nxc3 Nf6 13. b4 $36 {[%cal Bb2b4,Bb4b5][%mdl 2080] White fights for an advantage.} Nh5 14. O-O Nxg3 15. hxg3 Qf6 16. b5 Bd7 17. Rab1 Rac8 18. Qa4 cxb5 19. Bxb5 Bxb5 20. Qxb5 Red8 21. Nxd5 Qf5 22. Nf4 Qxb5 23. Rxb5 Nxf4 24. gxf4 $18 {[%mdl 4096] Endgame KRR-KRR} ({Weaker is} 24. exf4 b6 $14) 24... Rd7 25. Rfb1 Rcc7 26. g4 Kf8 27. Kg2 h6 28. Kf3 Ke7 29. a4 {[%cal Ba3a4,Ba4a5][%mdl 32]} Kd8 30. g5 hxg5 31. fxg5 Kc8 32. Kf4 Rc4 33. a5 a6 34. Rf5 Rc2 35. f3 Rc6 36. Rh1 Kc7 $2 {[#]} (36... g6) 37. Rh7 f6 (37... Rg6 $142 38. Rh8 b5 39. axb6+ Kxb6 40. Rb8+ Ka7) 38. gxf6 {White is clearly winning.} gxf6 39. Rxd7+ Kxd7 40. e4 b5 41. d5 Rd6 42. Rh5 {Accuracy: White = 85%, Black = 54%.} 1-0